00621nam a2200205Ia 4500008004100000020001800041041000800059082002100067100001800088245003700106260004900143300000800192365001200200650002600212650001500238700001800253942001200271999001900283952011300302140306s9999 xx 000 0 und d a81 7018 745 1 aeng a380 .141bTAL/MA aBhowmick, B C aMarketing of perishable products aNew DelhibB R Publishing Corporationc 1993 a285 bRs .250 aAgriculture marketing amanagement aTalukdar, K C 2ddccBK c183526d183526 00102ddc4070aKAUCBVbKAUCBVd2004-02-03g250.00l0o380 .141 TAL/MAr2014-03-22 00:00:00w2014-03-22yBK